1201 1511 1175 1232 1060 1845 1964 1911 1747 1890 1855 1465 1497 1273 1424 1643 1871 1839 1023 1639 1179 1705 1913 1638 1445 1199 1052 1601 1743 1192 1723 1793 1989 1639 1702 1095 1762 1025 1417 1333 1190 1160 1196 1792 1636 1106 1819 1952 1530 1819 1869 1114 1715 1305 1803 1993 1170 1235 1915 1305 1010 1910 1310 1636 1452 1073 1368 1952 1327 1214 1894 1122 1359 1430 1384 1825 1147 1224 1596 1299 1315 1368 1561 1767 1575 1017 1187 1533 1498 1821 1699 1278 1380 1303 1363 1023 1975 1362 1711 BCNSPRNW ULIB Ver.6.0+V

เปลี่ยนเป็นภาษาไทย

Change to English
 แสดงรายละเอียดบรรณานุกรม
  กลับหน้าหลัก

Brief Record : Get Marc (ISO 2709) : E-mail record : QR code < ปิดหน้าต่าง
LEADER : 00000nam 2200000uu 4500
001    13399121114
003     ULIB
008    121106s2551||||th 000 0 tha d
020    ^a9789740526476
040    ^aSUTL
050 04 ^aLB2330^bก351ป
110 2  ^aกองบรรณาธิการ Exit book
245 10 ^aไปนอกครั้งเดียว ได้เรียน ได้เที่ยว ได้ตังค์ =^b3 in 1 trip : work, travel + study /^cผู้เรียบเรียง, กองบรรณาธิการ Exit book ; กองบรรณาธิการ อัจฉรา รัศมีโชติ, สุภัทรา ตันเงิน และมลฑา ชัยธำรงค์กูล
246 3  ^a3 in 1 trip : work, travel + study
250    ^a พิมพ์ครั้งที่2
260    ^aกรุงเทพฯ :^bบริษัทวัฎฎะ คลาสสิฟายด์ส,^c2551
300    ^a[226] หน้า :^bภาพประกอบ (ภาพสีบางภาพ)
650  4 ^aการแนะแนวการศึกษา
650  4 ^aการศึกษาในต่างประเทศ
650  4 ^aภาษาอังกฤษ^xตำราสำหรับชนต่างชาติ
700 0  ^aอัจฉรา รัศมีโชติ
700 0  ^aสุภัทรา ตันเงิน
700 0  ^aมลฑา ชัยธำรงค์กูล
910    ^aDศึกษาทั่วไป
913    ^aคนึงนิตย์0904
945    ^p195^l0^i15270
999    ^aวิภา
รายการนี้ยังไม่มีแท็ก
คุณยังไม่ได้ล็อกอิน คุณสามารถมีกิจกรรมร่วมกับเว็บไซต์ได้ แต่ต้องล็อกอินก่อน ::
  ล็อกอิน

รายการสื่อสารสนเทศ

ลำดับที่ ประเภท เลขเรียก/บาร์โค้ด สถานที่ สถานะ
1. วิทยาศาสตร์การแพทย์ และสุขภาพ
วิทยาศาสตร์การแพทย์ และสุขภาพ
LB2330 ก351ป  
  Barcode: 15270
ห้องสมุดวิทยาเขตสวรรค์ประชารักษ์
►หนังสือทั่วไป
บนชั้น

รายการใกล้เคียง
    หัวเรื่อง [การแนะแนวการศึกษา]

BibComment


ยังไม่เคยถูกคอมเมนท์

คอมเมนท์ทรัพยากรรายการนี้
  คอมเมนท์: ไปนอกครั้งเดียว ..


 Copyright 2026. Bcnsprnw @Library